MARC

LEADER 00000nam0a2200000 4500
001 325683
005 20231102003804.0
035 |a (RuTPU)RU\TPU\book\351298 
090 |a 325683 
100 |a 20161209d1935 m y0rusy50 ca 
101 0 |a rus 
102 |a RU 
105 |a a z 001zy 
200 1 |a Б. Н. Яковлев  |f Б. М. Никифоров 
210 |a Ленинград  |c Изд-во Ленинградского областного союза советских художников  |d 1935 
215 |a 79 с.  |c ил. 
225 1 |a Библиотека журнала "Искусство" 
225 1 |a Советские художники 
320 |a Перечень иллюстраций: с. 79 
600 1 |a Яковлев  |b Б. Н.  |c живописец-пейзажист  |c народный художник СССР  |f 1890-1972  |g Борис Николаевич  |2 stltpush  |3 (RuTPU)RU\TPU\pers\27420  |9 12740 
606 1 |a Живописцы  |2 stltpush  |3 (RuTPU)RU\TPU\subj\10834  |9 37852 
610 1 |a изобразительное искусство 
610 1 |a пейзажная живопись 
610 1 |a художники 
610 1 |a Россия 
610 1 |a 20 век 
675 |a 75.071  |v 4 
700 1 |a Никифоров  |b Б. М. 
801 1 |a RU  |b 63413507  |c 20161209 
801 2 |a RU  |b 63413507  |c 20200123  |g RCR 
942 |c BK